Laddar...
Kapiyamum karpanayum /
| Huvudupphovsman: | |
|---|---|
| Språk: | Undetermined |
| Publicerad: |
Chennai :
New Century Book House Pvt Ltd ,
1999.
|
| LEADER | 00540nam a2200157Ia 4500 | ||
|---|---|---|---|
| 001 | 180555 | ||
| 008 | 170722s9999 xx 000 0 und d | ||
| 020 | |a 8123402813 | ||
| 100 | |a Palaniappan, M. A. | ||
| 245 | |a Kapiyamum karpanayum / | ||
| 260 | |a Chennai : |b New Century Book House Pvt Ltd , |c 1999. | ||
| 300 | |a vii+88 | ||
| 923 | |d 20130225 |n 274 | ||
| 942 | |c GEN | ||
| 999 | |c 149460 |d 149460 | ||
| 952 | |0 0 |1 0 |4 0 |6 O_316X_N9 |7 0 |9 210673 |a LIB |b LIB |d 2013-04-16 |e New Century Book House Pvt Ltd |l 1 |o O31,6x N9 |p 289955 |r 2017-08-21 |s 2017-08-15 |v 18.00 |w 2017-08-12 |y GEN | ||